000 00539nam a2200145 a 4500
008 120416s1971 ||||||||||||||||| || u
050 _aHN 103.5 Luc
100 _aLucas, Rex A
245 1 0 _aMinetown, Milltown, Railtown
246 _alife in Canadian communities of single industry
260 _a[Toronto]
_bThe Univ. P
_c[1971(1972)]
300 _axiii, 433p.
350 _a0.00
995 _D0.00
_FCBU-MAIN LIBRARY (Kitwe)
_H1
_I0.00
_M1
_UAVAILABLE
_ZAnnex Low-Usage Collection
999 _c51279
_d51279